000 00796cam a22002777a 4500
003 CHAP
005 20220329135019.0
008 971013s1981 r 00010 d
010 _a29550
011 _a30522
035 _a34634
040 _cCHAP
082 _a635.9333
_bK7
100 0 0 _aKrussmann, Gerd.
_963999
245 1 4 _aThe complete book of roses
260 _aPortland, Oregon :
_bTimber Press,
_c1981
300 _a436 p.
590 _aBATCH-UPD
_b10
_c20130109
_lUCH01
_h2308
590 _aBATCH-UPD
_b10
_c20130110
_lUCH01
_h1051
590 _aCONVERSION
_b10
_c20130109
_lUCH01
_h1317
650 1 4 _aRosas.
_999959
710 0 _aAmerican Horticultural Society.
_95247
901 _aBK
942 _cLIBRO
949 _a635.9333 K7
_bBC
_cLIBRO
_d33724000765384
_eLIBRO
_h58523
_i34634
_si
999 _c29550
_d29550